[Event "TUR Cup"]
[Site "Antalya"]
[Date "2019.01.31"]
[Round "7"]
[White "Avan, Olcay"]
[Black "Benk, Tolga Tugay"]
[Result "0-1"]
[WhiteElo "1617"]
[BlackElo "1863"]
[PlyCount "104"]
[EventDate "2019.01.27"]
[EventType "swiss"]
[EventRounds "11"]
[EventCountry "TUR"]
[SourceTitle "CBM 188 Extra"]
[Source "ChessBase"]
[SourceDate "2019.02.26"]
[SourceVersion "1"]
[SourceVersionDate "2019.02.26"]
[SourceQuality "1"]

1. Nf3 Nf6 2. d4 e6 3. Bf4 c5 4. e3 Qb6 5. Qc1 Nc6 6. c3 Nh5 7. Bg3 Be7 8. Be2 0-0 9. Nbd2 d5 10. 0-0 Nxg3 11. hxg3 Bd7 12. Qc2 Rac8 13. Qb3 Qc7 14. Rac1 c4 15. Qc2 f5 16. Rfe1 g5 17. Nf1 Be8 18. N3h2 Bg6 19. Qd1 b5 20. Bh5 Kg7 21. Bxg6 hxg6 22. f3 Bd6 23. Kf2 Rh8 24. f4 g4 25. Kg1 Rh7 26. Nd2 Qa5 27. a3 g5 28. Nhf1 Qc7 29. Qe2 Rch8 30. Kf2 Nd8 31. Red1 a5 32. Ke1 Rh1 33. Qf2 Nc6 34. Nb1 Ne7 35. Ke2 Ng6 36. fxg5 R1h5 37. e4 dxe4 38. d5 Bc5 39. Ne3 f4 40. gxf4 Nxf4+ 41. Kd2 Rxg5 42. Rf1 Nxd5 43. Rce1 Bxe3+ 44. Rxe3 Rf5 45. Qe2 Nxe3 46. Kxe3 Qg3+ 47. Kd2 Rd8+ 48. Kc1 Rxf1+ 49. Qxf1 Qe3+ 50. Kc2 Rf8 51. Qd1 Rf2+ 52. Nd2 Rxg2 0-1

[Event "TUR Cup"]
[Site "Antalya"]
[Date "2019.01.30"]
[Round "5"]
[White "Avan, Olcay"]
[Black "Bilgin, Murat Evrensel"]
[Result "1/2-1/2"]
[WhiteElo "1617"]
[BlackElo "1898"]
[PlyCount "122"]
[EventDate "2019.01.27"]
[EventType "swiss"]
[EventRounds "11"]
[EventCountry "TUR"]
[SourceTitle "CBM 188 Extra"]
[Source "ChessBase"]
[SourceDate "2019.02.26"]
[SourceVersion "1"]
[SourceVersionDate "2019.02.26"]
[SourceQuality "1"]

1. Nf3 Nf6 2. c4 g6 3. b3 Bg7 4. Bb2 0-0 5. g3 c6 6. Bg2 d5 7. 0-0 Bf5 8. d3 Qc8 9. Re1 Bh3 10. Bh1 Qf5 11. Nh4 Qh5 12. e3 Bg4 13. Bf3 g5 14. Bxg4 Nxg4 15. Bxg7 gxh4 16. h3 hxg3 17. Qxg4 Qxg4 18. hxg4 gxf2+ 19. Kxf2 Kxg7 20. Nc3 e6 21. Rh1 Nd7 22. d4 f5 23. g5 Rae8 24. Rh6 Rf7 25. Rah1 Nf8 26. Ne2 Ree7 27. Nf4 Kg8 28. Nh5 Kh8 29. Kg3 dxc4 30. bxc4 e5 31. d5 cxd5 32. cxd5 f4+ 33. Kf2 Rf5 34. Rf6 fxe3+ 35. Kxe3 Rf7 36. Rxf7 Rxf7 37. Nf6 Kg7 38. Ke4 b5 39. Kxe5 a5 40. d6 Rb7 41. Rd1 b4 42. d7 Rb5+ 43. Kd6 Nxd7 44. Nxd7 a4 45. Nc5 b3 46. axb3 axb3 47. Kc6 Rb4 48. Rb1 b2 49. Kd5 Kg6 50. Nd3 Rb3 51. Kc4 Rb8 52. Rxb2 Rxb2 53. Nxb2 Kxg5 54. Kd4 Kg4 55. Ke3 Kg3 56. Ke2 Kg2 57. Nc4 h5 58. Ne3+ Kg3 59. Kf1 h4 60. Nf5+ Kg4 61. Nxh4 Kxh4 1/2-1/2